Grille de mots mini #17 - Statistiques

Statistiques générales
  • Ce quiz a été pris 90 fois
  • Le résultat moyen est 22 sur 25
Statistiques - réponses
Place de la lettre Réponses % Correct
1 A C
96%
1 B H
94%
1 C O
92%
2 A A
90%
3 A M
90%
4 A P
90%
5 A S
90%
4 C E
88%
1 D U
88%
1 E X
88%
3 C G
87%
5 B I
87%
2 B O
87%
2 C R
87%
4 B R
87%
5 C S
87%
3 B U
87%
2 E E
84%
4 E E
84%
5 D E
84%
3 D I
84%
4 D L
84%
3 E R
84%
5 E S
84%
2 D T
84%
Aucun quiz correspondant
Distribution des résultats
% des personnes avec chaque résultat
Percentile par nombre de réponses
Votre historique - résultats
Vous n’avez pas pris ce quiz